000 00251nam a22001217a 4500
008 170421b xxu||||| |||| 00| 0 eng d
041 _aeng
080 _a573
100 _a11
101 _aSHM
245 _aBIRDS OF PREY
_cBROWN, L
942 _2udc
_cBK
999 _c11541
_d11541